Worlds fastest people - Statistics

General Stats
  • This quiz has been taken 9 times
  • The average score is 1 of 19
Answer Stats
Category Year speed mph speed kph Answer % Correct
100m sprint (Male) 2009 23.4 37.7 Usain Bolt
100%
100m sprint (Female) 1988 21.3 34.3 Florence Griffith-Joyner
33%
Marathon (Male) 2018 12.9 20.7 Eliud Kipchoge
11%
50m Breaststroke swim 2017 4.31 6.94 Adam Peaty
0%
50m Butterfly 2018 5.02 8.08 Andriy Govorov
0%
Land speed record 1997 763 1228 Andy Green
0%
Lands end to John o'Groats (mixed tandem bike) 2000 16.4 26.37 Andy Wilkinson
0%
Marathon (Female) 2019 11.6 18.7 Brigid Kosgei
0%
50m Freestyle swim 2009 5.35 8.61 Cesar Celio
0%
Gene Cernan
0%
50m Backstroke swim 2022 4.72 7.59 Hunter Armstrong
0%
John Young
0%
Dakar Rally (2023) 2023 - - Kevin Benavides
0%
Lynne Taylor
0%
Speed in a motorcycle 2010 394.1 634.2 Rocky Robinson
0%
Speed in atmosphere 1969 24759 39846 Thomas Stafford
0%
Tom Harvey
0%
Lands end to John o'Groats (car) 2017 87.6 141.0 Tommy Davies
0%
Flight in an aeroplane 1965 4519 7274 William (J) Knight
0%
No matching quizzes found
Score Distribution
Percent of People with Each Score
Percentile by Number Answered
Your Score History
You have not taken this quiz